Evaluation of prognosis in acute facial palsy /

Hlavní autor: Karikoski, Jukka
Korporativní autor: Helsingin yliopisto Kansanterveystieteen laitos
Jazyk: Angličtina
Vydáno: Helsinki : Jukka Karikoski, 1987
Fyzický popis: 74 stran
Knihy
Uloženo v:
LEADER 00907nam a22002652i 4500
001 001510000
003 CZ BrMZK
005 20160615134443.0
007 ta
008 160209s1987 fi er|||||||||||eng d
040 |a BOA001  |b cze  |e rda 
100 1 |a Karikoski, Jukka  |4 dis 
245 1 0 |a Evaluation of prognosis in acute facial palsy /  |c Jukka Karikoski 
264 1 |a Helsinki :  |b Jukka Karikoski,  |c 1987 
300 |a 74 stran 
336 |a text  |b txt  |2 rdacontent 
337 |a bez média  |b n  |2 rdamedia 
338 |a svazek  |b nc  |2 rdacarrier 
502 |a Disertace--Helsingin yliopisto, Lääketieteellinen tiedekunta, 1987 
504 |a Obsahuje bibliografii 
710 2 |a Helsingin yliopisto  |b Kansanterveystieteen laitos  |7 olak2007396437  |4 isb 
910 |a BOA001  |b M2-0924.020 
990 |a BK 
991 |b 201602 
996 7 |b 2619147950  |c M2-0924.020  |l MZK  |r Sklad / do 24 hodin  |n 0  |w 001545299  |u 000010  |a 1  |e BOA001  |j MZK50  |s A